01137nam a2200289 a 4500001001000000003000400010005001700014008004100031020001500072040002500087082001600112100003900128245013700167260003900304300002100343490002500364500007300389504003100462700004100493700003900534700003500573710006000608830003200668942001300700952011900713999001500832000005234OSt20200929151621.0090818s2005 sp 001 0 spa d a8400083857 aDO-SdBNPbspacBNPHU axxxxbL126n1 aLabrador Ben, Julia María91493213aLa novela de hoy, la novela de noche y el folletín divertido. /cJulia María Labrador Ben...[et.al.]. ; editor Artemio Precioso. aMadrid, España :b[s.n.],c2005. a370 p. ;c22 cm.1 aLiteratura brevev15 aIncluye referencias bibliográficas y notas al pie de las páginas aBibliografía : p.310-3141 aCastillo, Marie Christine del9149331 aGarcía Torño, Covadonga9149341 aPrecioso, Artemio,eed.9149351 aConsejo Superior de Investigaciones Científicas94786 0aLiteratura breven15914936 2ddccLF1 001054708MOaGRbGRcHDd2009-08-18iLF1l0oxxxx L126np5234-10r2020-06-25w2020-06-25y4ZPréstamo en sala c5035d5035